Hodnota povesti podniku

Prežitie a ziskovosť podniku závisí od získania podpory od zamestnancov, zákazníkov, investorov a verejnosti. Reputácia podniku a jej meranie. Ocenenie dobrej povesti. Krízové efekty. Získanie podpory. Finančné analýzy. Päť princípov reputačného manažmentu: schopnosť odlíšiť sa, zameranie, konzisten...

Full description

Saved in:
Bibliographic Details
Main Author: Fombrun, Charles J.
Format: Book Chapter
Language:Slovak
Subjects:
Tags: Add Tag
No Tags, Be the first to tag this record!

MARC

LEADER 00000naa a2200000 4500
001 r043286
005 20230921112253.1
041 0 |a slo 
044 |a SK 
245 1 0 |a Hodnota povesti podniku  |c Charles J. Fombrun 
520 |a Prežitie a ziskovosť podniku závisí od získania podpory od zamestnancov, zákazníkov, investorov a verejnosti. Reputácia podniku a jej meranie. Ocenenie dobrej povesti. Krízové efekty. Získanie podpory. Finančné analýzy. Päť princípov reputačného manažmentu: schopnosť odlíšiť sa, zameranie, konzistencia, identita a transparentnosť. 
610 2 0 |a kultúra podniková 
610 2 0 |a podnik 
610 2 0 |a podpora podnikania 
610 2 0 |a zamestnanci 
610 2 0 |a zákazníci 
610 2 0 |a investori 
610 2 0 |a zisk podnikový 
610 2 0 |a identita podniková 
610 2 0 |a komunikácia 
610 2 0 |a marketing 
610 2 0 |a organizácia podniku 
100 1 |a Fombrun, Charles J.